[Event "CZECH OPEN 2011 "]
[Site "Pardubice (CZE)"]
[Date "2011.07.24"]
[Round "3.14"]
[White "Saric, Ante"]
[Black "Kashlinskaya, Alina"]
[Result "1/2-1/2"]
[WhiteElo "2483"]
[BlackElo "2360"]
[PlyCount "75"]
[EventDate "2011.07.22"]

1. c4 g6 2. d4 Nf6 3. Nc3 Bg7 4. e4 d6 5. Nf3 O-O 6. Be2 Na6 7. O-O e5 8. Re1
c6 9. Bf1 Bg4 10. Be3 Nh5 11. Be2 Nf4 12. Bxf4 exf4 13. Nd2 Bxe2 14. Nxe2 Re8
15. Qc2 Qb6 16. Nf3 Nb4 17. Qb1 c5 18. Nxf4 cxd4 19. a3 Na6 20. b4 Nc7 21. Qb3
a5 22. Rab1 Qc6 23. Qd3 axb4 24. axb4 b5 25. Rbc1 bxc4 26. Rxc4 Qb7 27. Nxd4
Rxe4 28. Nde2 Rxc4 29. Qxc4 d5 30. Qb3 Qb5 31. Rc1 Bh6 32. Rd1 Re8 33. Nc3 Qc4
34. Qxc4 dxc4 35. Nfd5 Nxd5 36. Nxd5 Rb8 37. Kf1 c3 38. Nxc3 1/2-1/2

[Event "CZECH OPEN 2011 "]
[Site "Pardubice (CZE)"]
[Date "2011.07.24"]
[Round "3.15"]
[White "Dmitrenko, Viktor"]
[Black "Maximov, Dmitry"]
[Result "1/2-1/2"]
[WhiteElo "2353"]
[BlackElo "2479"]
[PlyCount "108"]
[EventDate "2011.07.22"]

1. Nf3 Nf6 2. d4 g6 3. c4 Bg7 4. Nc3 O-O 5. e4 d6 6. Be2 e5 7. O-O Nc6 8. d5
Ne7 9. Kh1 Ne8 10. Ne1 f5 11. Nd3 Nf6 12. exf5 gxf5 13. f4 Ng6 14. a4 Ne4 15.
fxe5 Nxc3 16. bxc3 dxe5 17. Qb3 Kh8 18. c5 c6 19. d6 b6 20. Qc4 Qe8 21. Qb4 Rb8
22. a5 b5 23. Bh5 Be6 24. Re1 Bc4 25. Nf2 Qd8 26. Be2 Bd5 27. Bf1 Bf6 28. Bh6
Rg8 29. Rad1 Qd7 30. Nd3 f4 31. Nf2 Nh4 32. Ne4 Qf5 33. Rd2 Qg6 34. Rxd5 cxd5
35. Nxf6 Qxf6 36. c6 Qxh6 37. c7 Rbc8 38. Rxe5 f3 39. g3 Qc1 40. Qxb5 Ng6 41.
Rxd5 Rce8 42. Rf5 Qd1 43. Rd5 Qc2 44. Qd3 Re1 45. Qxf3 Rf8 46. Rf5 Qxf5 47.
Qxf5 Rxf5 48. c8=Q+ Rf8 49. d7 Rexf1+ 50. Kg2 Rd1 51. c4 Kg7 52. c5 Rd2+ 53.
Kh3 h5 54. c6 Rff2 1/2-1/2

[Event "CZECH OPEN 2011 "]
[Site "Pardubice (CZE)"]
[Date "2011.07.24"]
[Round "3.18"]
[White "Chernyshova, Natalia"]
[Black "Schlosser, Philipp"]
[Result "0-1"]
[WhiteElo "2039"]
[BlackElo "2599"]
[PlyCount "42"]
[EventDate "2011.07.22"]

1. d4 d6 2. e4 Nf6 3. Nc3 g6 4. Be2 Bg7 5. Be3 O-O 6. g4 c5 7. g5 Nfd7 8. Qd2
Nc6 9. Nf3 Qa5 10. h4 Nb6 11. d5 Bg4 12. Nd1 Qa4 13. dxc6 Qxe4 14. Qd3 Bxf3 15.
cxb7 Qxb7 16. Bxf3 Qxf3 17. Rf1 Rfb8 18. c3 a5 19. Kd2 a4 20. Qe2 Qd5+ 21. Qd3
Nc4+ 0-1

[Event "CZECH OPEN 2011 "]
[Site "Pardubice (CZE)"]
[Date "2011.07.24"]
[Round "3.21"]
[White "Vorobiov, Evgeny E"]
[Black "Nguyen, Chi-Minh"]
[Result "1-0"]
[WhiteElo "2574"]
[BlackElo "2409"]
[PlyCount "75"]
[EventDate "2011.07.22"]

1. e4 e6 2. d3 d5 3. Nd2 Nf6 4. e5 Nfd7 5. f4 f6 6. Ndf3 c5 7. g3 Nc6 8. exf6
Qxf6 9. Bg2 Bd6 10. Nh3 O-O 11. O-O Nb6 12. c3 Bd7 13. Bd2 Qg6 14. Qe2 Qh5 15.
Rae1 Rae8 16. b3 e5 17. Nxe5 Qxe2 18. Rxe2 Bxe5 19. fxe5 Rxf1+ 20. Kxf1 Bf5 21.
Nf4 d4 22. cxd4 Nxd4 23. Re1 Re7 24. Kf2 Nd7 25. e6 Nf6 26. h3 g5 27. Nd5 Nxd5
28. Bxd5 Bxe6 29. Bc4 Rf7+ 30. Kg2 Bxc4 31. dxc4 h6 32. Bc3 Nc6 33. Re6 Kh7 34.
Rd6 Ne7 35. Rd7 Kg6 36. Rxb7 Nf5 37. Rxf7 Kxf7 38. Kf3 1-0

[Event "CZECH OPEN 2011 "]
[Site "Pardubice (CZE)"]
[Date "2011.07.24"]
[Round "3.22"]
[White "Voloshin, Leonid"]
[Black "Kravtsiv, Martyn"]
[Result "1/2-1/2"]
[WhiteElo "2411"]
[BlackElo "2571"]
[PlyCount "38"]
[EventDate "2011.07.22"]

1. e4 e5 2. Nf3 Nc6 3. d4 exd4 4. Nxd4 Nf6 5. Nc3 Bb4 6. Nxc6 bxc6 7. Bd3 d5 8.
exd5 cxd5 9. O-O O-O 10. Bg5 c6 11. Qf3 Bd6 12. Rfe1 Rb8 13. Rab1 Be6 14. Ne2
c5 15. Ng3 c4 16. Bf5 h6 17. Bf4 Qc7 18. Bxd6 Qxd6 19. b3 Rfc8 1/2-1/2

[Event "CZECH OPEN 2011 "]
[Site "Pardubice (CZE)"]
[Date "2011.07.24"]
[Round "3.26"]
[White "Stefansson, Hannes"]
[Black "Kulhanek, Tomas"]
[Result "1-0"]
[WhiteElo "2546"]
[BlackElo "2375"]
[PlyCount "29"]
[EventDate "2011.07.22"]

1. Nf3 d6 2. d4 Bg4 3. g3 Bxf3 4. exf3 d5 5. c4 e6 6. Qb3 b6 7. cxd5 exd5 8.
Qc2 c6 9. Bd3 Bd6 10. Bxh7 Qf6 11. Bxg8 Qxf3 12. O-O Rxg8 13. Qh7 Kf8 14. Qh3
f5 15. Bf4 1-0

[Event "CZECH OPEN 2011 "]
[Site "Pardubice (CZE)"]
[Date "2011.07.24"]
[Round "3.30"]
[White "Luther, Thomas"]
[Black "Andre, Gordon"]
[Result "1-0"]
[WhiteElo "2515"]
[BlackElo "2368"]
[PlyCount "45"]
[EventDate "2011.07.22"]

1. e4 e6 2. d4 d5 3. Nc3 Bb4 4. e5 b6 5. a3 Bf8 6. f4 Ne7 7. Nf3 Ba6 8. Bxa6
Nxa6 9. Ne2 c5 10. c3 Nb8 11. O-O Nbc6 12. b4 Nf5 13. g4 Nh4 14. Nxh4 Qxh4 15.
Ng3 cxd4 16. cxd4 Rc8 17. Be3 Be7 18. Rc1 Kd7 19. Kg2 g6 20. h3 Qh6 21. Qe2 Rc7
22. f5 Bg5 23. fxe6+ 1-0

[Event "CZECH OPEN 2011 "]
[Site "Pardubice (CZE)"]
[Date "2011.07.24"]
[Round "3.32"]
[White "Cvek, Robert"]
[Black "Jasny, Stanislav"]
[Result "1-0"]
[WhiteElo "2506"]
[BlackElo "2366"]
[PlyCount "79"]
[EventDate "2011.07.22"]

1. Nf3 d5 2. d4 c5 3. c4 e6 4. cxd5 exd5 5. g3 Nc6 6. Bg2 Nf6 7. O-O Be7 8. Be3
c4 9. Nc3 O-O 10. Ne5 Qa5 11. Qc2 Rd8 12. Rfd1 Ng4 13. Nxc6 bxc6 14. Bf4 Be6
15. b3 Rac8 16. Na4 c5 17. dxc5 Bxc5 18. Nxc5 Qxc5 19. e3 d4 20. Rxd4 Rxd4 21.
exd4 Qxd4 22. Rd1 Qb6 23. bxc4 Rxc4 24. Qd2 h6 25. h3 Nf6 26. Be3 Qc7 27. a3
Nd7 28. Bf1 Rc3 29. Bf4 Qc5 30. Bd6 Qc6 31. Bg2 Qc4 32. Bf1 Qc6 33. Bg2 Qc4 34.
Bb4 Rc2 35. Qe3 Qe2 36. Qxe2 Rxe2 37. g4 Ra2 38. f4 g6 39. Bc6 a5 40. Be7 1-0

[Event "CZECH OPEN 2011 "]
[Site "Pardubice (CZE)"]
[Date "2011.07.24"]
[Round "3.33"]
[White "Belyakov, Bogdan"]
[Black "Alonso Rosell, Alvar"]
[Result "1/2-1/2"]
[WhiteElo "2367"]
[BlackElo "2502"]
[PlyCount "33"]
[EventDate "2011.07.22"]

1. e4 c6 2. d4 d5 3. Nc3 dxe4 4. Nxe4 Bf5 5. Ng3 Bg6 6. h4 h6 7. Bc4 e6 8. N1e2
Bd6 9. Nf4 Bxf4 10. Bxf4 Nf6 11. Qe2 O-O 12. h5 Bh7 13. O-O-O Nd5 14. Bd2 a5
15. a3 Nd7 16. Bd3 Bxd3 17. Qxd3 1/2-1/2

[Event "CZECH OPEN 2011 "]
[Site "Pardubice (CZE)"]
[Date "2011.07.24"]
[Round "3.35"]
[White "Ageichenko, Genadi A"]
[Black "Kalod, Radek"]
[Result "0-1"]
[WhiteElo "2356"]
[BlackElo "2500"]
[PlyCount "80"]
[EventDate "2011.07.22"]

1. d4 Nf6 2. c4 g6 3. Nc3 d5 4. Nf3 Bg7 5. Bg5 Ne4 6. cxd5 Nxg5 7. Nxg5 c6 8.
e3 e6 9. Nf3 cxd5 10. Bb5+ Bd7 11. Bxd7+ Nxd7 12. O-O O-O 13. Qb3 Qb6 14. Nd2
Rfc8 15. Rfc1 Bf8 16. Ne2 Qa6 17. Nf4 Nb6 18. Qd3 Rxc1+ 19. Rxc1 Qxa2 20. g3
Qxb2 21. Rb1 Qa3 22. Qb5 Rc8 23. Nf3 Rc1+ 24. Rxc1 Qxc1+ 25. Kg2 Qc6 26. Qb1
Nc4 27. h4 Qb6 28. Qd3 a5 29. h5 a4 30. hxg6 hxg6 31. Ng5 Qb3 32. Qe2 Be7 33.
Nxf7 Kxf7 34. Qg4 Nxe3+ 35. fxe3 Qc2+ 36. Kg1 Qf5 37. Qd1 b5 38. Kg2 a3 39. Nd3
Qe4+ 40. Kh3 Kg7 0-1

[Event "CZECH OPEN 2011 "]
[Site "Pardubice (CZE)"]
[Date "2011.07.24"]
[Round "3.48"]
[White "Gafner, Evgeny J"]
[Black "Stocek, Jiri"]
[Result "0-1"]
[WhiteElo "2287"]
[BlackElo "2596"]
[PlyCount "74"]
[EventDate "2011.07.22"]

1. e4 c5 2. Nf3 d6 3. d4 cxd4 4. Nxd4 Nf6 5. Nc3 a6 6. f4 Nbd7 7. Nf3 e6 8. a4
b6 9. Bd3 Bb7 10. O-O Nc5 11. Qe1 Be7 12. Kh1 O-O 13. b4 Nxd3 14. cxd3 Rc8 15.
Bb2 Nh5 16. Qd2 d5 17. e5 Bxb4 18. Nd4 Qh4 19. Rf3 f6 20. g3 Qg4 21. Re3 fxe5
22. Rxe5 Rxc3 23. Rg5 Nxg3+ 24. hxg3 Qh3+ 25. Kg1 h6 26. Bxc3 hxg5 27. Bxb4
Qxg3+ 28. Qg2 Qxf4 29. Nc2 Rf6 30. Rf1 Qh4 31. d4 Bc6 32. a5 bxa5 33. Be7 Rxf1+
34. Kxf1 Qf4+ 35. Kg1 Qc1+ 36. Kh2 Ba4 37. Ne3 Qc7+ 0-1

[Event "CZECH OPEN 2011 "]
[Site "Pardubice (CZE)"]
[Date "2011.07.24"]
[Round "3.51"]
[White "Vokac, Marek"]
[Black "Meskovs, Nikita"]
[Result "1/2-1/2"]
[WhiteElo "2499"]
[BlackElo "2273"]
[PlyCount "58"]
[EventDate "2011.07.22"]

1. Nf3 Nf6 2. b3 c5 3. Bb2 Nc6 4. e3 g6 5. d4 cxd4 6. exd4 d5 7. Nbd2 Bg7 8. a3
O-O 9. Bd3 Nh5 10. g3 Qb6 11. c3 e5 12. dxe5 Nxe5 13. Nxe5 Bxe5 14. O-O Qf6 15.
Be2 Bxc3 16. Bxc3 Qxc3 17. Bxh5 gxh5 18. Rc1 Qd3 19. Re1 Bg4 20. f3 Bh3 21. Nf1
Bxf1 22. Rxf1 Qe3+ 23. Kg2 Rac8 24. Rxc8 Rxc8 25. Qxd5 Rc2+ 26. Kh3 Qe2 27.
Qg5+ Kf8 28. Qd8+ Kg7 29. Qg5+ Kf8 1/2-1/2

[Event "CZECH OPEN 2011 "]
[Site "Pardubice (CZE)"]
[Date "2011.07.24"]
[Round "3.52"]
[White "Racz, Zoltan"]
[Black "Schneider, Ilja"]
[Result "1-0"]
[WhiteElo "2271"]
[BlackElo "2498"]
[PlyCount "25"]
[EventDate "2011.07.22"]

1. e4 c6 2. d4 d5 3. e5 Bf5 4. Nf3 e6 5. Be2 c5 6. Be3 cxd4 7. Nxd4 Ne7 8. Nd2
Nbc6 9. N2f3 Be4 10. O-O Ng6 11. Nxc6 bxc6 12. Ng5 Nxe5 13. Qd4 1-0

[Event "CZECH OPEN 2011 "]
[Site "Pardubice (CZE)"]
[Date "2011.07.24"]
[Round "3.16"]
[White "Strunski, Andreas"]
[Black "Kanovsky, David"]
[Result "1/2-1/2"]
[WhiteElo "2352"]
[BlackElo "2478"]
[PlyCount "76"]
[EventDate "2011.07.22"]

1. d4 Nf6 2. c4 c5 3. d5 e6 4. Nc3 exd5 5. cxd5 d6 6. Nf3 g6 7. Bf4 a6 8. a4
Bg7 9. h3 O-O 10. e3 Nh5 11. Bh2 f5 12. Be2 f4 13. O-O Nd7 14. Nd2 fxe3 15.
fxe3 Rxf1+ 16. Qxf1 Ne5 17. Bxh5 gxh5 18. Bxe5 Bxe5 19. Nc4 Qg5 20. Ne4 Qg6 21.
Nxe5 dxe5 22. Qf3 Bxh3 23. Nf6+ Kh8 24. Qxh3 Qxf6 25. Rf1 Qg6 26. Qf5 Re8 27.
e4 b5 28. axb5 axb5 29. Qf6+ Kg8 30. Rf5 Qxf6 31. Rxf6 Ra8 32. Rc6 Ra4 33. d6
Kf7 34. Rxc5 Rxe4 35. Rxb5 Ke6 36. Rd5 Kd7 37. Kf2 Rb4 38. Rd2 Rb3 1/2-1/2

[Event "CZECH OPEN 2011 "]
[Site "Pardubice (CZE)"]
[Date "2011.07.24"]
[Round "3.29"]
[White "Bures, Jaroslav"]
[Black "Stupak, Kirill"]
[Result "1/2-1/2"]
[WhiteElo "2380"]
[BlackElo "2530"]
[PlyCount "69"]
[EventDate "2011.07.22"]

1. e4 e6 2. d4 d5 3. e5 b6 4. c3 Qd7 5. Nf3 Ne7 6. a4 a5 7. Na3 h6 8. Nc2 c5 9.
Be3 Nec6 10. Na3 Be7 11. Be2 O-O 12. O-O Ba6 13. Ne1 Bxe2 14. Qxe2 Na6 15. Nec2
Nc7 16. b3 Rac8 17. f4 cxd4 18. Bxd4 Rb8 19. g4 Bxa3 20. Rxa3 Nxd4 21. Nxd4 b5
22. f5 bxa4 23. bxa4 exf5 24. gxf5 Rfe8 25. Raa1 Qe7 26. Rae1 Qa3 27. f6 g6 28.
Nf5 Qf8 29. Ne7+ Rxe7 30. fxe7 Qxe7 31. Qe3 Kg7 32. Rf6 Ne6 33. Ref1 Rf8 34. h4
h5 35. Qf3 1/2-1/2

[Event "CZECH OPEN 2011 "]
[Site "Pardubice (CZE)"]
[Date "2011.07.24"]
[Round "3.31"]
[White "Sabol, Marian"]
[Black "Looshnikov, Nikolai"]
[Result "1/2-1/2"]
[WhiteElo "2372"]
[BlackElo "2512"]
[PlyCount "90"]
[EventDate "2011.07.22"]

1. d4 d5 2. Nf3 Nf6 3. c4 e6 4. Nc3 c6 5. g3 Nbd7 6. Bg2 Be7 7. O-O O-O 8. Re1
b6 9. e4 Nxe4 10. Nxe4 dxe4 11. Rxe4 Bb7 12. Re3 c5 13. Rd3 Be4 14. Rd2 Qc8 15.
b3 cxd4 16. Rxd4 Nf6 17. Qe2 Qb7 18. Bb2 Bc5 19. Rd2 Ng4 20. Bd4 Bb4 21. Rdd1
e5 22. Bb2 Bc5 23. Rf1 Rae8 24. Nh4 Bxg2 25. Nxg2 f5 26. a3 a5 27. Bc3 Qe4 28.
Rae1 Qxe2 29. Rxe2 Bxa3 30. h3 Nf6 31. Rxe5 Bc5 32. Rxe8 Nxe8 33. Nf4 Kf7 34.
Rd1 Nf6 35. Bxf6 Kxf6 36. Rd7 Rf7 37. Rd5 Rc7 38. Kg2 g6 39. Kf3 Ke7 40. Nd3
Bd6 41. Rb5 Rc6 42. Ne5 Rc5 43. Rxc5 Bxc5 44. Nd3 Bd4 45. Ke2 Kd6 1/2-1/2

[Event "CZECH OPEN 2011 "]
[Site "Pardubice (CZE)"]
[Date "2011.07.24"]
[Round "3.38"]
[White "Gundavaa, Bayarsaikhan"]
[Black "Oparin, Grigoriy"]
[Result "1-0"]
[WhiteElo "2480"]
[BlackElo "2356"]
[PlyCount "85"]
[EventDate "2011.07.22"]

1. e4 c5 2. Nf3 d6 3. d4 cxd4 4. Qxd4 Nc6 5. Bb5 Bd7 6. Bxc6 Bxc6 7. Nc3 Nf6 8.
Bg5 e6 9. Qd3 Be7 10. Nd4 Qa5 11. Bd2 Qc7 12. O-O-O O-O 13. f4 a6 14. f5 e5 15.
Nxc6 bxc6 16. g4 Rfb8 17. g5 Nh5 18. Rhf1 a5 19. Na4 Nf4 20. Bxf4 exf4 21. h4
Rb4 22. b3 d5 23. exd5 Rd8 24. Qc3 Rxa4 25. bxa4 Bb4 26. d6 Bxd6 27. Rf3 Rb8
28. Rfd3 Bb4 29. Qd4 Bf8 30. Rb3 Re8 31. Kb1 c5 32. Qd5 c4 33. Rb5 c3 34. g6
hxg6 35. fxg6 Re6 36. h5 Kh8 37. Rb7 Qc8 38. Qb3 Qd8 39. Rf1 Qd2 40. a3 Qg2 41.
Rd1 fxg6 42. Rd8 Rf6 43. Rf7 1-0

[Event "CZECH OPEN 2011 "]
[Site "Pardubice (CZE)"]
[Date "2011.07.24"]
[Round "3.41"]
[White "Dzhakaev, Dzhakay"]
[Black "Geske, Julian"]
[Result "1-0"]
[WhiteElo "2478"]
[BlackElo "2337"]
[PlyCount "53"]
[EventDate "2011.07.22"]

1. e4 d5 2. exd5 Qxd5 3. Nc3 Qa5 4. d4 Nf6 5. Nf3 Bg4 6. h3 Bh5 7. g4 Bg6 8.
Ne5 Nbd7 9. Nc4 Qa6 10. Bf4 Qe6+ 11. Ne3 Qb6 12. Bg2 e6 13. O-O c6 14. Rb1 Be7
15. b4 Nd5 16. Bxd5 cxd5 17. Ncxd5 exd5 18. Nxd5 Qc6 19. Nc7+ Kf8 20. Nxa8 Bd8
21. Re1 Nf6 22. d5 Qc8 23. d6 Qxa8 24. d7 Bb6 25. Qd6+ Kg8 26. Qxf6 gxf6 27.
Bh6 1-0

[Event "CZECH OPEN 2011 "]
[Site "Pardubice (CZE)"]
[Date "2011.07.24"]
[Round "3.42"]
[White "Zimmermann, Julian"]
[Black "Baryshpolets, Andrey"]
[Result "0-1"]
[WhiteElo "2331"]
[BlackElo "2474"]
[PlyCount "60"]
[EventDate "2011.07.22"]

1. e4 e5 2. Nf3 Nc6 3. d4 exd4 4. Nxd4 Bc5 5. Nxc6 Qf6 6. Qf3 bxc6 7. Nd2 Qxf3
8. Nxf3 Nf6 9. Bd3 O-O 10. O-O d5 11. exd5 cxd5 12. Bf4 c6 13. Rfe1 Bb7 14. Re2
Rfe8 15. Rae1 Rxe2 16. Rxe2 Bf8 17. Bg5 Nd7 18. Be7 Nc5 19. Bxf8 Kxf8 20. h4 h6
21. Ne5 a5 22. Re3 Re8 23. c3 Rxe5 24. Rxe5 Nxd3 25. Re2 a4 26. Rd2 Nc5 27. Rd4
Ba6 28. Rb4 Bc4 29. Rb6 Bxa2 30. Rxc6 Nd3 0-1

[Event "CZECH OPEN 2011 "]
[Site "Pardubice (CZE)"]
[Date "2011.07.24"]
[Round "3.44"]
[White "Heidrich, Manfred"]
[Black "Levin, Evgeny A"]
[Result "0-1"]
[WhiteElo "2312"]
[BlackElo "2465"]
[PlyCount "76"]
[EventDate "2011.07.22"]

1. f4 d5 2. Nf3 Bg4 3. e3 Nd7 4. Be2 Ngf6 5. d3 c6 6. O-O Qc7 7. Nc3 e6 8. e4
dxe4 9. dxe4 Rd8 10. Qe1 Nc5 11. h3 Bxf3 12. Bxf3 b5 13. a3 Be7 14. Be3 a6 15.
Qf2 Ncd7 16. a4 b4 17. Nb1 c5 18. Nd2 c4 19. b3 c3 20. Nc4 O-O 21. Rad1 Nc5 22.
e5 Nfe4 23. Bxe4 Nxe4 24. Qf3 f5 25. Kh2 Bc5 26. Rfe1 h6 27. g4 Bxe3 28. Qxe3
Rxd1 29. Rxd1 Rd8 30. Rd4 Qe7 31. gxf5 exf5 32. Qd3 Rxd4 33. Qxd4 Qh4 34. Qe3
Qd8 35. Qe2 Qd5 36. Kg1 Ng3 37. Qg2 Qd1+ 38. Kf2 Qxc2+ 0-1

[Event "CZECH OPEN 2011 "]
[Site "Pardubice (CZE)"]
[Date "2011.07.24"]
[Round "3.45"]
[White "Nemcova, Katerina"]
[Black "Rozum, Ivan"]
[Result "0-1"]
[WhiteElo "2307"]
[BlackElo "2464"]
[PlyCount "84"]
[EventDate "2011.07.22"]

1. d4 Nf6 2. c4 g6 3. g3 Bg7 4. Bg2 O-O 5. Nc3 c5 6. d5 d6 7. Nf3 e6 8. O-O
exd5 9. cxd5 Na6 10. Nd2 Nc7 11. a4 b6 12. Re1 Re8 13. Nc4 Ba6 14. Qb3 Bxc4 15.
Qxc4 a6 16. Bg5 h6 17. Bd2 Nd7 18. f4 b5 19. axb5 Nb6 20. Qb3 c4 21. Qc2 axb5
22. e4 b4 23. Rxa8 Qxa8 24. Nd1 b3 25. Qc1 Nb5 26. Kh1 Qc8 27. Bb4 Kh7 28. h4
h5 29. Kh2 Qc7 30. Qd2 Na4 31. Ba5 c3 32. Bxc3 Nbxc3 33. bxc3 Bxc3 34. Nxc3
Qxc3 35. Qe2 b2 36. g4 Qc1 37. gxh5 b1=Q 38. hxg6+ fxg6 39. Rxc1 Qxc1 40. Qb5
Qxf4+ 41. Kh3 Re7 42. Qxa4 g5 0-1

[Event "CZECH OPEN 2011 "]
[Site "Pardubice (CZE)"]
[Date "2011.07.24"]
[Round "3.46"]
[White "Goryachkina, Aleksandra"]
[Black "Bernadskiy, Vitaliy"]
[Result "1/2-1/2"]
[WhiteElo "2153"]
[BlackElo "2453"]
[PlyCount "98"]
[EventDate "2011.07.22"]

1. Nf3 Nf6 2. c4 g6 3. Nc3 d5 4. cxd5 Nxd5 5. e4 Nxc3 6. dxc3 Qxd1+ 7. Kxd1 Nd7
8. Bd3 e5 9. Be3 f6 10. Nd2 Bc5 11. Bxc5 Nxc5 12. Bc4 a5 13. Kc2 Ke7 14. f3 Bd7
15. Rad1 b5 16. Be2 c6 17. Nb3 Ne6 18. g3 a4 19. Nc1 Nc5 20. Nd3 Nxd3 21. Bxd3
Be6 22. Ra1 Rhd8 23. Be2 Ra7 24. Rhd1 Rxd1 25. Kxd1 f5 26. Ke1 fxe4 27. fxe4
Rd7 28. a3 Bb3 29. Bd1 Kf6 30. Bxb3 axb3 31. Ke2 Kg5 32. h3 h5 33. Rf1 c5 34.
Rf3 c4 35. Rf1 Ra7 36. Ke3 Rd7 37. Ke2 Rd6 38. Rf8 Rd3 39. Rf3 Rd6 40. Rf8 Rd7
41. Rf1 h4 42. g4 Ra7 43. Ke3 Rd7 44. Ke2 Rd6 45. Rf2 Rd3 46. Rf3 Rd8 47. Rf2
Ra8 48. Ke3 Rd8 49. Ke2 Rd3 1/2-1/2

[Event "CZECH OPEN 2011 "]
[Site "Pardubice (CZE)"]
[Date "2011.07.24"]
[Round "3.55"]
[White "Meissner, Felix"]
[Black "Gavrilov, Alexei"]
[Result "0-1"]
[WhiteElo "2268"]
[BlackElo "2481"]
[PlyCount "62"]
[EventDate "2011.07.22"]

1. e4 e5 2. Nf3 Nc6 3. Bc4 Bc5 4. O-O Nf6 5. d4 exd4 6. e5 d5 7. exf6 dxc4 8.
fxg7 Rg8 9. Bg5 Be7 10. Bxe7 Kxe7 11. Re1+ Be6 12. Ng5 Rxg7 13. Nxe6 fxe6 14.
Qh5 Kd7 15. Nd2 Qg5 16. Qxg5 Rxg5 17. Nxc4 Rag8 18. g3 Rc5 19. b3 b5 20. Na3 e5
21. Rad1 Kc8 22. Re4 Rf8 23. Kg2 a6 24. f4 exf4 25. Rxf4 Rxf4 26. gxf4 Rc3 27.
Rd2 Kd7 28. Nb1 Re3 29. Kf2 Re4 30. Kf3 Re1 31. Nc3 Re3+ 0-1

[Event "CZECH OPEN 2011 "]
[Site "Pardubice (CZE)"]
[Date "2011.07.24"]
[Round "3.56"]
[White "Lalic, Bogdan"]
[Black "Papp, Petra"]
[Result "1-0"]
[WhiteElo "2470"]
[BlackElo "2261"]
[PlyCount "69"]
[EventDate "2011.07.22"]

1. d4 d5 2. c4 c6 3. Nf3 Nf6 4. Nc3 e6 5. Bg5 Nbd7 6. e3 Qa5 7. cxd5 Nxd5 8.
Rc1 h6 9. Bh4 Bb4 10. Qb3 O-O 11. Bd3 Nxc3 12. bxc3 Qa3 13. Qc2 Be7 14. Bg3 b6
15. Nd2 Ba6 16. Nc4 Bxc4 17. Bxc4 Bf6 18. O-O Qe7 19. Qe4 c5 20. Bb5 a6 21. Bc6
Ra7 22. Rfd1 c4 23. a4 Rc8 24. Rb1 Qa3 25. Bb7 Rd8 26. Bc7 Re8 27. Qc6 Rxb7 28.
Qxb7 Qxa4 29. Ra1 Qb5 30. Rdb1 Qd5 31. Qxd5 exd5 32. Rxa6 Rc8 33. Ra7 Bd8 34.
Bxd8 Rxd8 35. f3 1-0

[Event "CZECH OPEN 2011 "]
[Site "Pardubice (CZE)"]
[Date "2011.07.24"]
[Round "3.57"]
[White "Kulagin, Maxim"]
[Black "Llaneza Vega, Marcos"]
[Result "1-0"]
[WhiteElo "2263"]
[BlackElo "2465"]
[PlyCount "113"]
[EventDate "2011.07.22"]

1. e4 c5 2. a3 e5 3. Nc3 Nf6 4. Bc4 Be7 5. d3 O-O 6. f4 d6 7. Nf3 exf4 8. Bxf4
Nc6 9. Qd2 Be6 10. Nd5 Bxd5 11. exd5 Ne5 12. Nxe5 dxe5 13. Bxe5 Ng4 14. Bf4
Bh4+ 15. g3 Re8+ 16. Kf1 Bf6 17. h3 Ne5 18. Re1 Qd7 19. Kg2 b5 20. Ba2 c4 21.
dxc4 bxc4 22. Bxe5 Bxe5 23. Bxc4 Bxb2 24. d6 Rad8 25. Rxe8+ Rxe8 26. Rf1 Bf6
27. Qd3 Rd8 28. Re1 Qc6+ 29. Bd5 Qa4 30. c4 Qa5 31. Qe3 h6 32. Re2 Bg5 33. Qe5
Qxa3 34. d7 Rf8 35. Qe8 Qd6 36. Bxf7+ Kh7 37. Qe4+ Kh8 38. Qf5 g6 39. Qxg6 Qxd7
40. Rf2 Qb7+ 41. Kh2 Qb6 42. Qf5 Qd4 43. h4 Be7 44. Rf4 Qb2+ 45. Kh3 Bd6 46.
Rf3 Qg7 47. Qe6 Bc7 48. c5 a5 49. c6 a4 50. g4 Bd8 51. c7 Bxc7 52. Rf6 Kh7 53.
Qf5+ Kh8 54. g5 hxg5 55. hxg5 Rxf7 56. Rxf7 Qc3+ 57. Kg4 1-0

[Event "CZECH OPEN 2011 "]
[Site "Pardubice (CZE)"]
[Date "2011.07.24"]
[Round "3.65"]
[White "Biolek, Richard Jr"]
[Black "Kratochvil, Josef"]
[Result "1/2-1/2"]
[WhiteElo "2409"]
[BlackElo "2230"]
[PlyCount "96"]
[EventDate "2011.07.22"]

1. Nf3 Nf6 2. g3 g6 3. Bg2 Bg7 4. O-O O-O 5. d4 d6 6. Nc3 Nbd7 7. e4 e5 8. h3
c6 9. Be3 Qc7 10. Qd2 b5 11. a3 Re8 12. Rfd1 Bb7 13. Bh6 Rad8 14. Bxg7 Kxg7 15.
dxe5 dxe5 16. Qe3 a6 17. b3 Nf8 18. Qc5 N6d7 19. Qe3 Ne6 20. Rd2 f6 21. h4 Nb6
22. Rad1 c5 23. h5 Nd4 24. hxg6 hxg6 25. Ne1 Re7 26. Ne2 Red7 27. Nxd4 cxd4 28.
Qf3 Qc5 29. Ra1 Rc7 30. Nd3 Qe7 31. Qe2 Rc3 32. f4 Nd7 33. Qg4 Rdc8 34. Ra2 Nc5
35. fxe5 fxe5 36. Nb4 Rf8 37. Ra1 Qd7 38. Qxd7+ Nxd7 39. Nd3 Nc5 40. Nxe5 Bxe4
41. b4 Bxg2 42. Rxg2 Ne4 43. Nd3 Rfc8 44. Ra2 Nd6 45. a4 Nf5 46. axb5 axb5 47.
Ra7+ R8c7 48. Rxc7+ Rxc7 1/2-1/2

[Event "CZECH OPEN 2011 "]
[Site "Pardubice (CZE)"]
[Date "2011.07.24"]
[Round "3.70"]
[White "Engelmann, Jakob"]
[Black "Schmidt-Schaeffer, Sebastian"]
[Result "0-1"]
[WhiteElo "2213"]
[BlackElo "2385"]
[PlyCount "86"]
[EventDate "2011.07.22"]

1. c4 f5 2. g3 Nf6 3. Bg2 e6 4. Nf3 Be7 5. O-O O-O 6. Nc3 c6 7. d3 d5 8. e4
fxe4 9. dxe4 dxc4 10. Qe2 b5 11. Rd1 Qe8 12. e5 Nd5 13. Nd4 b4 14. Ne4 c5 15.
Nf3 Qh5 16. Bg5 Bxg5 17. Nexg5 h6 18. Ne4 Nd7 19. Qxc4 N7b6 20. Qc2 Rxf3 21.
Qe2 Rf5 22. g4 Nf4 23. Qf3 Nh3+ 24. Qxh3 Qxh3 25. Bxh3 Rxe5 26. Nd6 Ba6 27. a3
b3 28. Rac1 Rd8 29. f4 Rd5 30. Rxd5 exd5 31. Nf5 d4 32. g5 hxg5 33. fxg5 g6 34.
Ne7+ Kf7 35. Nc6 Rd5 36. Re1 Rxg5+ 37. Kf2 Bc8 38. Bf1 Kf6 39. Nxa7 Bd7 40. Bb5
Rf5+ 41. Kg3 Bxb5 42. Nxb5 c4 43. a4 c3 0-1

[Event "CZECH OPEN 2011 "]
[Site "Pardubice (CZE)"]
[Date "2011.07.24"]
[Round "3.72"]
[White "Gorbatov, Alexej"]
[Black "Seifert, Christopher"]
[Result "1/2-1/2"]
[WhiteElo "2375"]
[BlackElo "2193"]
[PlyCount "76"]
[EventDate "2011.07.22"]

1. e4 c5 2. Nf3 e6 3. d4 cxd4 4. Nxd4 Nc6 5. Nb5 Nf6 6. N1c3 Bb4 7. a3 Bxc3+ 8.
Nxc3 d5 9. exd5 exd5 10. Bd3 O-O 11. O-O d4 12. Ne2 Bg4 13. f3 Bh5 14. Nf4 Bg6
15. Nxg6 hxg6 16. Re1 Nd5 17. Bc4 Qd6 18. Qe2 Rac8 19. Bd2 Qc5 20. Bd3 Qb6 21.
Qf2 Ne3 22. b4 Rfe8 23. f4 Re7 24. c4 Rce8 25. Re2 Nb8 26. Rae1 Nd7 27. c5 Qe6
28. Bb5 a6 29. Ba4 b5 30. cxb6 Qxb6 31. h3 Qc7 32. Bxd7 Qxd7 33. Bxe3 Qb5 34.
Qf3 dxe3 35. Rxe3 Qb6 36. Kf2 Qd4 37. h4 Re6 38. R1e2 R6e7 1/2-1/2

[Event "CZECH OPEN 2011 "]
[Site "Pardubice (CZE)"]
[Date "2011.07.24"]
[Round "3.73"]
[White "Studnicka, Tomas"]
[Black "Hoellmann, Ludger"]
[Result "1-0"]
[WhiteElo "2374"]
[BlackElo "2143"]
[PlyCount "97"]
[EventDate "2011.07.22"]

1. d4 e6 2. c4 Nf6 3. Nf3 b6 4. a3 Bb7 5. Nc3 d5 6. cxd5 Nxd5 7. Qc2 Nxc3 8.
bxc3 c5 9. e4 Be7 10. Bb5+ Bc6 11. Bd3 O-O 12. O-O cxd4 13. cxd4 Bb7 14. Qe2
Nc6 15. Bb2 Rc8 16. Rad1 Na5 17. Rfe1 Re8 18. Ne5 Qc7 19. Qh5 Bf8 20. Ng4 Nc4
21. Ba1 f6 22. Rc1 Ba6 23. Ne3 b5 24. a4 Qf7 25. Qxf7+ Kxf7 26. axb5 Nxe3 27.
bxa6 Ng4 28. f3 Nh6 29. Bc4 Bb4 30. Red1 Ba3 31. Rc2 Ke7 32. Rd3 Bd6 33. Bb3
Rb8 34. e5 fxe5 35. dxe5 Ba3 36. Rc7+ Kf8 37. Kf2 Re7 38. Rxe7 Kxe7 39. Bd4 Nf7
40. Ba4 Rd8 41. Ke3 Bc1+ 42. Ke2 Rd5 43. Bc6 Ra5 44. Bb7 Nxe5 45. Rd1 Ra2+ 46.
Kf1 Bb2 47. Bxa7 Nd7 48. Bf2 Ba3 49. Bh4+ 1-0